000 00737nam a2200205 4500
001 113016
003 ES-MaACL
005 20251012192821.0
007 t|
008 061121s1973 sp r ||||1| spa d
100 0 _aNuez, Sebastián de la.
_986128
245 1 0 _aIntroducción al estudio de la `Oda al Atlántico` de Tomás Morales
_b: los manuscritos : génesis y estructuras /
_cSebastián de la Nuez Caballero.
260 _aLas Palmas :
_bCabildo Insular de Gran Canaria,
_c1973.
300 _a183 p. ;
_c25 cm.
700 1 _aMorales, Tomás,
_d1885-1921
_983010
710 1 _aGran Canaria.
_bCabildo Insular.
_92264
852 _aES-MaACL
_jE-7497
_bR.92004
852 _aES-MaACL
_jE-7501
_bR.92003
999 _c113016
_d113016